| 000 | 00907nam a22002417a 4500 | ||
|---|---|---|---|
| 999 |
_c6608 _d6608 |
||
| 003 | AR-CdUCM | ||
| 008 | 190318b ||||| |||| 00| 0 spa d | ||
| 020 | _a84-85317-89-0 | ||
| 040 |
_aMUNICIPALIDAD PROVINCIAL DEL CUSCO _cBIBLIOTECA MUNICIPAL DEL CUSCO |
||
| 041 | _hita | ||
| 082 |
_a500 / _bQ42 |
||
| 100 |
_aMondadori, Arnoldo _918594 |
||
| 245 | _aQue quieres saber de la ciencia / | ||
| 260 |
_aBarcelona : _bOcéano, |
||
| 300 |
_a4 volúmenes ; _bIlustraciones, _c26 cm. |
||
| 505 | _aContenido: v.1 -- La ciencia -- El movimiento -- La materia -- v.2 -- La materia -- La energía -- La energía y la materia en el mundo del átomo -- La electrónica -- v.3 -- Las matemáticas -- El cosmos -- v.4 Los secretos de la vida ... | ||
| 650 |
_aCiencia _92098 |
||
| 650 |
_aMovimiento _91984 |
||
| 650 |
_aEnergía _915841 |
||
| 650 |
_aMatemáticas _99398 |
||
| 942 |
_2ddc _cLIBROS |
||
| 945 | _aacv | ||